[Event "US-ch Women 2019"]
[Site "Saint Louis"]
[Date "2019.03.28"]
[Round "8.1"]
[White "Gorti, Akshita"]
[Black "Yu, Jennifer"]
[Result "0-1"]
[WhiteElo "2272"]
[BlackElo "2273"]
[Annotator "TA"]
[PlyCount "84"]
[EventDate "2019.03.20"]
[EventType "swiss"]
[EventCountry "USA"]
[SourceTitle "playchess.com"]
[Source "ChessBase"]
[SourceQuality "1"]

{[%evp 17,84,0,12,17,16,10,17,0,0,-14,14,20,16,23,22,-14,0,0,0,0,89,15,14,6,15,0,0,0,0,0,14,-20,0,-14,0,0,0,-22,-22,-73,-74,-64,-53,-18,-14,-12,-7,-191,-176,-316,-309,-300,-229,-231,-239,-227,-208,-236,-236,-478,-461,-526,-525,-522,-507,-603,-595,-552,-588]} 1. d4 d5 2. Bg5 Nf6 3. e3 g6 4. Nf3 Bg7 5. Nbd2 O-O 6. Bd3 Nbd7 7. O-O b6 8. c4 dxc4 9. Bxc4 Bb7 10. Qe2 {D03: 1 d4 d5 2 Nf3 Nf6 3 Bg5, including Torre Attack with early ...d5} c5 11. Rfd1 (11. dxc5 Nxc5 12. Rfd1 Qe8 13. Rac1 a6 14. Bf4 Nfd7 15. Nb3 b5 16. Nxc5 Nxc5 17. Bd5 Bxd5 18. Rxd5 {½-½ (35) Speelman,J (2625)-De la Villa Garcia,J (2495) Pamplona 1996}) 11... Rc8 12. Rac1 {The position is equal.} cxd4 13. Nxd4 Rc5 14. N2f3 Qa8 15. b4 Rcc8 16. Bb5 $146 ({Predecessor:} 16. Ba6 Nd5 17. Bxb7 Qxb7 {½-½ (29) Neumann,H (1860)-Winiwarter,F (2240) Bad Zwischenahn 2003}) 16... Rfd8 17. Rxc8 Qxc8 18. Qe1 Nb8 (18... Qa8 $11) 19. h3 ({White should try} 19. Rc1 $16 Qg4 20. Rc7 Bxf3 21. Nxf3) 19... Be4 $11 20. Ne5 a6 21. Ba4 b5 22. Bb3 Bd5 $1 23. Rc1 Qb7 24. Bxd5 Qxd5 $40 {[%mdl 128] Black has some attack.} 25. Nec6 Nxc6 26. Nxc6 Rd7 27. Bf4 Qxa2 28. Nb8 {[#]} (28. Ra1 $11 {keeps the balance.} Qc2 29. Rc1 (29. Rxa6 $2 Rd1 $19)) 28... Rd8 $1 $17 29. Nc6 Re8 $1 30. Ra1 Qe6 31. Rxa6 Nd5 32. Bg3 $2 {[#]} (32. Qf1 $1 $11 {and White stays safe.}) 32... Qc8 $19 33. Qd2 (33. Nb8 $142) 33... Qxa6 34. Qxd5 Bf6 35. Be5 Bxe5 36. Nxe5 {[%mdl 4096] Endgame KQR-KQN} Rf8 37. h4 Qd6 38. Qe4 $2 (38. Qxd6 exd6 39. Nc6) 38... Rc8 {Black is clearly winning.} 39. g3 Rc1+ 40. Kh2 Kg7 41. h5 {intending h6+!} f5 42. Qf4 Qd1 {Accuracy: White = 33%, Black = 76%.} 0-1

[Event "US-ch Women 2019"]
[Site "Saint Louis"]
[Date "2019.03.28"]
[Round "8.2"]
[White "Zatonskih, Anna"]
[Black "Nguyen, Emily"]
[Result "1/2-1/2"]
[WhiteElo "2430"]
[BlackElo "2143"]
[Annotator "TA"]
[PlyCount "93"]
[EventDate "2019.03.20"]
[EventType "swiss"]
[EventCountry "USA"]
[SourceTitle "playchess.com"]
[Source "ChessBase"]
[SourceQuality "1"]

{[%evp 17,93,18,20,7,10,-42,21,23,33,29,29,33,33,21,84,4,71,66,67,68,59,66,64,68,77,62,76,78,111,85,110,104,102,103,96,57,64,27,28,29,21,0,0,0,0,0,0,0,0,0,0,0,0,0,0,0,0,0,8,8,8,8,10,9,8,0,0,0,0,0,0,0,0,0,0,0,0,0]} 1. d4 d5 2. c4 c6 3. Nf3 Nf6 4. Nbd2 Bf5 5. Nh4 Be4 6. Qb3 {D11: Slav Defence: 3 Nf3 sidelines and 3...Nf6 4 e3 Bg4} Qb6 7. f3 (7. e3 e6 8. Be2 Be7 9. Nxe4 dxe4 10. g3 c5 11. Bd2 cxd4 12. exd4 Nc6 13. Bc3 O-O-O {1-0 (49) Mamedyarov,S (2808)-So,W (2778) Leuven 2018}) 7... Qxb3 8. Nxb3 Bc2 9. Bd2 e6 {LiveBook: 3 Games} 10. g4 h6 $146 ({Predecessor:} 10... Be7 11. Ng2 dxc4 12. Na5 b5 {½-½ (45) Saduakassova,D (2495)-Kathmale,S (2367) Abu Dhabi 2018}) 11. e3 (11. cxd5 $11 cxd5 12. e3) 11... Be7 (11... g5 $15 12. Ng2 h5 13. gxh5 Nbd7) 12. Ng2 $11 Nbd7 13. Na5 Rb8 14. Rc1 Bh7 15. Kf2 e5 {[#]} (15... O-O $11) 16. cxd5 (16. dxe5 $1 $16 Nxe5 17. Bc3) 16... Nxd5 (16... e4 $1 $11 {remains equal.}) 17. e4 $16 N5b6 18. dxe5 Nxe5 19. Be2 O-O 20. Rhd1 f6 21. Nf4 Kf7 22. Be3 Bb4 23. Nc4 Nbxc4 24. Bxc4+ Nxc4 25. Rxc4 Be7 26. Rd7 {[#] Threatens to win with Bc5.} Rfd8 27. Rc7 Rdc8 $1 {[%cal Rc8c7]} 28. Rxc8 Rxc8 29. Bxa7 {The position is equal.} Ra8 30. Bc5 Rxa2 31. Nd3 Bxc5+ 32. Rxc5 $11 {[%mdl 4096] Endgame KRB-KRN} Ke7 33. Ke3 Kd6 34. Rc2 Bg8 35. f4 {[%cal Bf3f4,Bf4f5][%mdl 32]} Ra4 36. Rd2 Be6 37. h4 Ra1 38. g5 hxg5 39. hxg5 fxg5 40. f5 Bc4 41. Nf4+ Kc5 {...Re1+ is the strong threat.} 42. Ne6+ Bxe6 $1 43. fxe6 Re1+ 44. Kf3 Rf1+ $1 45. Ke3 Re1+ 46. Kf3 Rf1+ $1 47. Ke3 {Precision: White = 64%, Black = 70%.} 1/2-1/2

[Event "US-ch Women 2019"]
[Site "Saint Louis"]
[Date "2019.03.28"]
[Round "8.3"]
[White "Abrahamyan, Tatev"]
[Black "Wang, Annie"]
[Result "1/2-1/2"]
[WhiteElo "2377"]
[BlackElo "2304"]
[Annotator "TA"]
[PlyCount "64"]
[EventDate "2019.03.20"]
[EventType "swiss"]
[EventCountry "USA"]
[SourceTitle "playchess.com"]
[Source "ChessBase"]
[SourceQuality "1"]

{[%evp 18,64,33,24,38,39,37,27,32,22,31,33,27,32,46,39,51,14,14,14,14,14,14,14,14,14,14,14,14,13,9,0,0,-106,0,-45,0,0,0,0,95,0,0,0,0,0,0,0,0]} 1. e4 c5 2. Nf3 d6 3. d4 cxd4 4. Nxd4 Nf6 5. Nc3 Nc6 6. f3 e5 7. Nb3 Be7 8. Be3 O-O 9. Qd2 a5 10. Bb5 Na7 {B56: Classical Sicilian: Unusual Lines} 11. Bxa7 Rxa7 12. a4 (12. O-O-O Be6 13. Kb1 Ra8 14. g4 Rc8 15. h4 Nd7 16. Nd5 Bxd5 17. Qxd5 Nb6 18. Qd3 {0-1 (46) So,W (2780)-Vidit,S (2718) chess.com INT 2018}) 12... Be6 {White has an edge.} 13. O-O-O Ra8 14. Kb1 Qb6 15. g4 Rfd8 {[#]} 16. Qe2 $146 ({Predecessor:} 16. g5 Nh5 17. h4 Nf4 18. Nd5 Nxd5 19. exd5 {0-1 (54) Tomczak,J (2596)-Czarnota,P (2557) Warsaw 2017}) 16... Ne8 17. Nd5 Bxd5 $1 18. exd5 Nc7 19. c4 Nxb5 20. cxb5 Bg5 21. h4 Bf4 22. Nd2 Rdc8 23. Ne4 Rc7 24. g5 Rac8 25. h5 (25. b3 $11) 25... Rc4 (25... h6 $17 26. gxh6 Bxh6) 26. b3 R4c7 27. h6 g6 28. Rhe1 Kh8 {[#]} (28... Kf8 $11) 29. Kb2 ({White should try} 29. Qg2 $1 $16) 29... Kg8 $11 {The position is equal.} 30. Nf6+ Kh8 31. Ne4 Kg8 32. Nf6+ Kh8 {Accuracy: White = 70%, Black = 51%.} 1/2-1/2

[Event "US-ch Women 2019"]
[Site "Saint Louis"]
[Date "2019.03.28"]
[Round "8.4"]
[White "Yip, Carissa"]
[Black "Krush, Irina"]
[Result "0-1"]
[WhiteElo "2279"]
[BlackElo "2451"]
[Annotator "TA"]
[PlyCount "84"]
[EventDate "2019.03.20"]
[EventType "swiss"]
[EventCountry "USA"]
[SourceTitle "playchess.com"]
[Source "ChessBase"]
[SourceQuality "1"]

{[%evp 23,84,7,21,0,28,20,15,0,0,-21,-18,-14,14,-12,-5,0,12,13,10,-75,-62,-75,-75,-75,-75,-73,-71,-125,-125,-128,-125,-175,-157,-144,-133,-129,-133,-124,-108,-117,0,-158,-140,-140,-133,-140,-140,-202,-202,-193,-192,-169,-197,-420,-412,-404,-402,-486,-481,-481,-473,-470,-467]} 1. e4 c5 2. Nf3 Nc6 3. d4 cxd4 4. Nxd4 g6 5. Nc3 Bg7 6. Be3 Nf6 7. Bc4 Qa5 8. O-O O-O 9. Bb3 d6 10. h3 Bd7 11. f4 Nxd4 12. Bxd4 Bc6 13. Re1 {B35: Sicilian: Accelerated Dragon with 5 Nc3: main line} (13. Qe2 Nd7 14. Bxg7 Kxg7 15. Rad1 Nc5 16. Kh1 Rac8 17. Qe3 Nxb3 18. axb3 Qc5 19. Qe1 b5 20. Rf2 b4 {0-1 (62) Caruana,F (2804)-Mamedyarov,S (2746) Shamkir 2016}) 13... Nd7 14. Bxg7 Kxg7 15. Kh1 $146 {The position is equal.} ({Predecessor:} 15. Qd4+ Kg8 16. Rad1 Qc5 17. Nd5 Bxd5 18. exd5 Qxd4+ 19. Rxd4 Nc5 20. Rxe7 Rfe8 21. Rxe8+ Rxe8 {1-0 (57) Paiva,H (2110)-Morais,M (1457) Figueira da Foz 2017}) 15... Qc5 16. Qe2 e6 17. Rad1 Rad8 18. a4 a6 19. Rd3 b5 20. Qd2 {Threatens to win with axb5.} b4 21. Na2 (21. Nd1 $1 $11) 21... Nf6 $17 22. Qxb4 Qxb4 23. Nxb4 Bxe4 24. Rd4 a5 25. Nd3 (25. Na2 $142) 25... d5 26. Kg1 Rb8 27. Ne5 Rfc8 28. Re2 h5 29. g4 Rc7 30. Kf2 Ng8 31. Nf3 Nf6 (31... Bxf3 $17 32. Kxf3 Ne7) 32. Kg3 $2 {[#]} (32. Ne5 $11) 32... Nd7 33. Ng5 Nc5 34. Nxe4 Nxe4+ 35. Kf3 (35. Rdxe4 $17 {is a better defense.} dxe4 36. Rxe4) 35... hxg4+ 36. hxg4 Nc5 37. Re3 Rcb7 {[%cal Rc5b3]} 38. Rd2 $2 {[#]} (38. Bxd5 exd5 39. Rxd5) 38... Nxb3 $19 39. cxb3 Rxb3 40. Rc3 Rxc3+ {Black is clearly winning.} 41. bxc3 Rb3 42. Rd3 Ra3 {Accuracy: White = 45%, Black = 66%.} 0-1

[Event "US-ch Women 2019"]
[Site "Saint Louis"]
[Date "2019.03.28"]
[Round "8.5"]
[White "Sharevich, Anna"]
[Black "Eswaran, Ashritha"]
[Result "1/2-1/2"]
[WhiteElo "2282"]
[BlackElo "2234"]
[Annotator "TA"]
[PlyCount "88"]
[EventDate "2019.03.20"]
[EventType "swiss"]
[EventCountry "USA"]
[SourceTitle "playchess.com"]
[Source "ChessBase"]
[SourceQuality "1"]

{[%evp 24,88,0,0,9,7,39,52,49,22,24,0,0,0,0,0,0,0,0,0,0,0,0,-69,-61,-40,0,0,0,0,0,0,0,0,9,9,10,10,10,10,10,0,0,0,0,0,0,0,0,-8,8,-23,-22,-41,-25,-32,0,-45,-39,-47,-42,-52,0,0,10,0,18]} 1. d4 Nf6 2. Nf3 e6 3. Bf4 c5 4. e3 Nc6 5. Nbd2 d5 6. c3 Bd6 7. Bg3 O-O 8. Bd3 b6 9. Qe2 {D02: 1 d4 d5 2 Nf3 sidelines, including 2...Nf6 3 g3 and 2...Nf6 3 Bf4} Bb7 10. Rd1 Re8 11. e4 Be7 12. e5 Nh5 13. a3 {LiveBook: 27 Games} g6 14. Qe3 {[#]} f5 $146 15. exf6 Bxf6 16. Ne5 Bg5 17. f4 Nxe5 18. Qxe5 Bf6 $36 {[%mdl 2048] Black has some pressure.} 19. Qe3 Ng7 {[#] Threatens to win with ...Nf5.} 20. Nf3 Nf5 21. Qf2 cxd4 22. cxd4 Qc8 23. Bxf5 (23. Bh4 $11 Bxh4 24. Nxh4) 23... exf5+ $15 ({But not} 23... gxf5 $6 24. O-O $14) 24. Ne5 Ba6 (24... Qc4 $5) 25. Qd2 $1 Qc4 26. Kf2 Qb5 27. Rhe1 Rac8 28. Kg1 Qb3 29. Rc1 Rxc1 30. Rxc1 Rc8 31. Rxc8+ Bxc8 32. Qe2 Qa4 33. Bf2 Ba6 34. Qe1 Bxe5 35. fxe5 Qc2 36. b4 Bd3 37. h4 f4 38. Kh2 Be4 39. Qf1 Bd3 (39... Kg7 {is more complex.} 40. a4 Bd3 41. Qg1 h6 42. Be1 g5) 40. Qe1 h6 41. Bg1 g5 {White must now prevent ...g4.} 42. Qf2 Qc4 ({Better is} 42... Be2 $15) 43. g3 $11 Qc1 44. gxf4 Qxf4+ {Precision: White = 67%, Black = 59%.} 1/2-1/2

[Event "US-ch Women 2019"]
[Site "Saint Louis"]
[Date "2019.03.28"]
[Round "8.6"]
[White "Feng, Maggie"]
[Black "Foisor, Sabina-Francesca"]
[Result "1-0"]
[WhiteElo "2199"]
[BlackElo "2276"]
[Annotator "TA"]
[PlyCount "103"]
[EventDate "2019.03.20"]
[EventType "swiss"]
[EventCountry "USA"]
[SourceTitle "playchess.com"]
[Source "ChessBase"]
[SourceQuality "1"]

{[%evp 11,103,12,19,10,29,15,29,28,29,35,27,10,4,0,14,12,0,8,15,0,0,0,0,0,0,0,11,0,8,9,18,0,0,-8,8,0,0,0,58,97,100,60,254,-108,245,223,480,485,481,469,661,558,937,939,1353,1384,1290,1254,1388,953,971,868,1077,918,940,785,1649,1690,29987,29988,4774,2320,1722,1765,4802,1446,896,814,4094,2202,5604,5375,5214,4690,5177,5271,4670,1463,29950,5222,29987,1674,29988,29989]} 1. Nf3 d5 2. g3 Bg4 3. Bg2 Nd7 4. c4 e6 5. cxd5 exd5 6. O-O Ngf6 7. d3 {A07: Réti Opening: New York and Capablanca Systems} Be7 (7... Bd6 8. Nc3 c6 9. h3 Bh5 10. e4 O-O 11. g4 Bg6 12. Nh4 Nxe4 13. dxe4 Qxh4 14. exd5 c5 15. Nb5 Bb8 16. d6 a6 {½-½ (46) Oparin,G (2616)-Shirov,A (2673) Moscow 2016}) 8. Nc3 O-O 9. Qc2 {White has an edge.} c5 $146 ({Predecessor:} 9... Re8 10. h3 Bxf3 11. Bxf3 c6 12. Bg2 Nc5 13. Bd2 a5 {½-½ (23) Hansen,S (2552)-Schenk,A (2509) Germany 2010}) 10. h3 Bxf3 11. Bxf3 Ne5 12. Bg2 d4 13. Ne4 Nxe4 14. Bxe4 Qd7 15. Bg2 Rac8 16. Bf4 Ng6 17. Bd2 Bd6 18. Qb3 b6 19. a4 {[%cal Ba2a4,Ba4a5][%mdl 32]} Rfe8 20. Rfe1 Re7 21. Qb5 Qc7 22. a5 Bxg3 23. fxg3 Qxg3 {( -> ...Nh4)} 24. Qc4 Rd8 (24... Nh4 $1 $11 25. Qd5 Re5) 25. Rf1 $1 $14 b5 26. Qb3 Rxe2 $2 (26... c4 $14 27. Qd1 Nh4) 27. Qxf7+ $18 {[%mdl 64] [#] Double Attack} Kh8 {[%csl Ge2][%cal Rg3g2]} 28. Rf2 Rxd2 $2 (28... Rxf2 {was worth a try.} 29. Qxf2 Qxd3) 29. Rxd2 Rf8 30. Qe6 Ne5 (30... Nf4 $142 31. Qe7 Rc8) 31. Kh1 h6 32. Qd6 Rf6 33. Qb8+ {[%mdl 64] [#] Double Attack} Kh7 34. Re2 Rf5 35. Rae1 Rg5 36. Qc7 h5 37. Rf1 c4 38. Rf8 cxd3 39. Be4+ Rg6 40. Bxg6+ Qxg6 41. Qxe5 {Rg2 would kill now.} dxe2 42. Qxe2 d3 43. Qg2 Qe6 44. Rf1 d2 45. Qxd2 Qxh3+ 46. Kg1 Qg3+ 47. Qg2 Qe3+ 48. Qf2 Qg5+ 49. Kh1 Qd5+ 50. Qf3 Qd4 51. Qxh5+ {[%mdl 64] Double Attack} Kg8 52. Re1 {Accuracy: White = 80%, Black = 42%.} 1-0

[Event "US-ch Women 2019"]
[Site "Saint Louis"]
[Date "2019.03.29"]
[Round "9.1"]
[White "Yu, Jennifer"]
[Black "Abrahamyan, Tatev"]
[Result "1/2-1/2"]
[WhiteElo "2273"]
[BlackElo "2377"]
[Annotator "RC"]
[PlyCount "98"]
[EventDate "2019.03.20"]
[EventType "swiss"]
[EventCountry "USA"]
[SourceTitle "playchess.com"]
[Source "ChessBase"]
[SourceQuality "1"]
[TimeControl "5400+30"]

1. d4 {[%emt 0:00:00]} Nf6 {[%emt 0:00:00]} 2. c4 {[%emt 0:00:00]} e6 {[%emt 0:00:00]} 3. Nc3 {[%emt 0:00:00]} Bb4 {[%emt 0:00:00]} 4. e3 {[%emt 0:00:00]} O-O {[%emt 0:00:00]} 5. Nge2 {[%emt 0:00:07]} c6 {[%emt 0:00:00]} 6. a3 {[%emt 0:00:33]} Ba5 {[%emt 0:00:04]} 7. c5 {[%emt 0:00:28]} d5 {[%emt 0:03:18]} 8. cxd6 {[%emt 0:00:16]} Qxd6 {[%emt 0:00:07]} 9. b4 {[%emt 0:00:09]} Bc7 {[%emt 0:01:56]} 10. g3 {[%emt 0:00:30]} e5 {[%emt 0:00:44]} 11. Bg2 {[%emt 0:05:34]} Re8 {[%emt 0:00:15]} 12. dxe5 {[%emt 0:06:58]} Qxd1+ {[%emt 0:16:00]} 13. Nxd1 {[%emt 0:02:12]} Bxe5 {[%emt 0:00:06]} 14. Bb2 {[%emt 0:00:08]} a5 {[%emt 0:00:45]} 15. bxa5 {[%emt 0:07:04]} Nbd7 {[%emt 0:06:23]} 16. O-O {[%emt 0:04:57]} Rxa5 {[%emt 0:03:42]} 17. Bxe5 {[%emt 0:01:52]} Nxe5 {[%emt 0:00:59]} 18. Ndc3 {[%emt 0:00:04]} Nd3 {[%emt 0:25:19]} 19. Nd4 {[%emt 0:11:57]} Nc5 {[%emt 0:02:46]} 20. a4 {[%emt 0:03:40]} Be6 {[%emt 0:04:47]} 21. Rab1 {[%emt 0:06:40]} Rea8 {[%emt 0:08:48]} 22. Rb4 {[%emt 0:11:58]} g6 {[%emt 0:08:16]} 23. Rd1 {[%emt 0:07:04]} R8a7 {[%emt 0:07:32]} 24. Ra1 {[%emt 0:20:30]} Nd5 {[%emt 0:01:29]} 25. Bxd5 {[%emt 0:05:52]} Bxd5 {[%emt 0:00:07]} 26. Nxd5 {[%emt 0:01:40]} cxd5 {[%emt 0:00:05]} 27. Nb3 {[%emt 0:00:36]} Nxb3 {[%emt 0:04:55]} 28. Rxb3 {[%emt 0:00:04]} b5 {[%emt 0:00:05]} 29. Rd1 {[%emt 0:00:07]} bxa4 {[%emt 0:00:07]} 30. Ra3 {[%emt 0:00:03]} Kf8 {[%emt 0:01:15]} 31. Rd4 {[%emt 0:01:14]} Ke7 {[%emt 0:00:24]} 32. Kf1 {[%emt 0:00:20]} Kd6 {[%emt 0:00:59]} 33. Ke2 {[%emt 0:00:13]} Kc5 {[%emt 0:01:00]} 34. Kd3 {[%emt 0:00:43]} Kb5 {[%emt 0:01:32]} 35. Kc3 {[%emt 0:00:04]} Rc7+ {[%emt 0:00:56]} 36. Kb2 {[%emt 0:01:35]} Rc5 {[%emt 0:00:47]} 37. Rad3 {[%emt 0:01:08]} Kc6 {[%emt 0:00:32]} 38. Ka3 {[%emt 0:00:31]} Rc2 {[%emt 0:01:39]} 39. Rf4 {[%emt 0:00:37]} f5 {[%emt 0:00:32]} 40. Rdd4 {[%emt 0:01:14]} Rac5 {[%emt 0:01:13]} 41. Rxa4 {[%emt 0:00:00]} R5c3+ {[%emt 0:00:00]} 42. Kb4 {[%emt 0:00:00]} Rc4+ {[%emt 0:00:00]} 43. Kb3 {[%emt 0:00:00]} Kb5 {[%emt 0:00:00]} 44. Raxc4 {[%emt 0:00:00]} Rxc4 {[%emt 0:00:00]} 45. Rf3 {[%emt 0:00:00]} Kc5 {[%emt 0:00:00]} 46. Rf4 {[%emt 0:00:00]} Rxf4 {[%emt 0:00:00]} 47. gxf4 {[%emt 0:00:00]} d4 {[%emt 0:00:00]} 48. Kc2 {[%emt 0:00:00]} Kc4 {[%emt 0:00:00]} 49. Kd2 {[%emt 0:00:00]} h6 {[%emt 0:01:52]} 1/2-1/2

[Event "US-ch Women 2019"]
[Site "Saint Louis"]
[Date "2019.03.29"]
[Round "9.2"]
[White "Wang, Annie"]
[Black "Zatonskih, Anna"]
[Result "0-1"]
[WhiteElo "2304"]
[BlackElo "2430"]
[Annotator "TA"]
[PlyCount "114"]
[EventDate "2019.03.20"]
[EventType "swiss"]
[EventCountry "USA"]
[SourceTitle "playchess.com"]
[Source "ChessBase"]
[SourceQuality "1"]

{[%evp 12,114,9,12,12,17,17,18,20,16,14,0,0,0,14,2,10,0,0,0,0,0,9,0,0,0,0,-14,-11,-9,-7,-13,-9,-12,-9,-15,-6,-10,0,0,0,0,0,-18,-23,-24,-29,-23,-18,-21,-13,-18,-17,-16,-16,-25,0,-63,-50,-85,-37,-66,-71,-70,-70,-102,-103,-82,-103,-97,-48,-1541,-1527,-1545,-1248,-1433,-1473,-1370,-1230,-1214,-1223,-1003,0,-8,-8,-8,-8,-8,0,-29976,-29977,-29977,-29978,-29978,-29979,-29979,-29980,-29980,-29981,-29981,-29982,-29982,-29983,-29983,-29984]} 1. d4 Nf6 2. c4 e6 3. Nc3 Bb4 4. Qc2 d5 5. a3 Bxc3+ 6. Qxc3 O-O 7. Bg5 h6 {E36: Nimzo-Indian: Classical: 4...d5 5 a3} (7... dxc4 8. Qxc4 b6 9. Rd1 Ba6 10. Qa4 h6 11. Bh4 Qe7 12. Nf3 Rd8 13. e3 Bxf1 14. Rxf1 c5 15. dxc5 Rxd1+ 16. Qxd1 {½-½ (23) Vitiugov,N (2709)-Giri,A (2780) Shenzhen 2018}) 8. Bxf6 Qxf6 9. Nf3 dxc4 {The position is equal.} 10. Qxc4 Nc6 11. e3 e5 12. d5 Ne7 13. Be2 $146 ({Predecessor:} 13. Qxc7 e4 14. Nd4 Nxd5 {½-½ (69) Erenberg,A (2386)-Svane,R (2573) Karlsruhe 2017}) 13... c6 14. dxc6 Nxc6 15. O-O Bf5 16. Rfd1 Rfd8 17. Qb5 e4 18. Nd2 Ne5 19. Nb3 Bg4 20. Bxg4 Nxg4 21. Qe2 Ne5 22. Nd4 Rac8 23. Rac1 a6 24. Rc2 Nd3 25. Rxc8 Rxc8 26. f3 Re8 27. fxe4 Nc5 28. Rf1 Qg6 29. Nf5 Nxe4 30. Qd3 Qe6 31. Qd4 {[%csl Gf5][%cal Rd4g7]} Qe5 32. Qd7 Nc5 33. Qd2 Ne4 34. Qe2 ({White should play} 34. Qd7 $11) 34... Re6 35. Qd3 Rf6 36. Rf4 {aiming for Qd8+.} Nd6 $36 {[%mdl 2048] Black has strong initiative.} 37. Nxd6 Rxd6 38. Rd4 Rxd4 39. Qxd4 Qxd4 40. exd4 $17 {[%mdl 4096] Endgame KP-KP} Kf8 41. g4 $2 {[%mdl 8192]} (41. Kf2 $15) 41... f5 $19 42. gxf5 Ke7 43. Kf2 Kf6 44. Ke3 Kxf5 45. Kf3 g6 46. b4 b5 $2 (46... b6 $19 47. Ke3 g5) 47. Ke3 $11 g5 48. Kf3 $1 h5 49. Ke3 g4 50. Kf2 $2 {[%mdl 8192] [#]} (50. d5 $11) 50... h4 $1 {Black mates.} 51. Ke3 g3 52. hxg3 hxg3 {K3P-K3P} 53. Kf3 {[#]} g2 $1 {[%mdl 512]} 54. Kxg2 Ke4 55. Kf2 Kxd4 56. Ke2 Kc3 57. Ke3 Kb3 {Accuracy: White = 59%, Black = 74%.} 0-1

[Event "US-ch Women 2019"]
[Site "Saint Louis"]
[Date "2019.03.29"]
[Round "9.3"]
[White "Eswaran, Ashritha"]
[Black "Feng, Maggie"]
[Result "0-1"]
[WhiteElo "2234"]
[BlackElo "2199"]
[Annotator "TA"]
[PlyCount "154"]
[EventDate "2019.03.20"]
[EventType "swiss"]
[EventCountry "USA"]
[SourceTitle "playchess.com"]
[Source "ChessBase"]
[SourceQuality "1"]

{[%evp 20,154,0,-8,0,-6,0,-6,21,11,14,16,38,0,31,44,31,36,79,77,72,77,70,62,45,0,0,0,0,0,0,0,95,95,95,95,95,95,95,95,95,95,95,95,95,95,95,88,95,95,95,81,95,80,82,73,90,73,99,95,88,88,88,88,88,88,99,25,25,0,50,0,99,0,0,0,0,0,0,0,0,0,0,0,0,0,0,0,0,0,0,0,0,0,0,0,0,0,0,0,0,0,0,0,180,0,0,-65,-69,-92,0,-382,0,-4894,-4567,-3476,-3376,-2803,-2919,-3116,-1456,-2328,-2272,-29987,-29988,-29988,-29989,-29989,-29990,-29990,-29991,-29991,-29992,-29997,-29998,-29998,-29999]} 1. e4 {Sadorra,J} e6 2. d4 d5 3. Nc3 Bb4 4. e5 Ne7 5. a3 Bxc3+ 6. bxc3 c5 7. Qg4 O-O 8. Bd3 Nbc6 9. Qh5 Ng6 {C18: French: 3 Nc3 Bb4: Main line: 7 h4 and 7 Qg4} 10. Nh3 Qc7 11. Be3 {LiveBook: 3 Games} (11. Ng5 {is more complex.} h6 12. Nxf7 Qxf7 13. Qxg6 Qxg6 14. Bxg6 cxd4 15. cxd4 Nxd4 16. Bd3) 11... c4 {The position is equal.} 12. Bxg6 fxg6 13. Qg4 Qf7 14. Nf4 Ne7 15. h4 h6 16. Qe2 {[#]} Nf5 $146 ({Predecessor:} 16... Bd7 17. g4 {1-0 (54) Caruana,F (2795)-Shankland,S (2656) Saint Louis 2016 CBM 172 [Sadorra,J]}) 17. h5 gxh5 $1 18. Nxh5 Nxe3 19. Qxe3 Qg6 20. O-O-O $1 Bd7 21. Rh3 $1 Ba4 {[%csl Ga4][%cal Rg6c2]} 22. Qd2 Rf5 $1 {[%cal Rf5h5]} 23. Rdh1 Qxg2 24. R3h2 Qg6 $1 25. f4 Rxh5 (25... Kh7 $11) 26. Rxh5 $16 Rf8 27. R5h2 Qf5 28. Rh4 Be8 29. Rg1 {Threatens to win with Rxh6.} Kh7 30. Qg2 {[%csl Gg1][%cal Rg2g7]} g6 31. Qh2 h5 32. Rg5 Qf7 33. Kb2 Kh6 34. Qd2 Kh7 35. Qe3 Qe7 36. Qe2 b5 37. Qd2 a5 38. Ka2 Bf7 39. Rh1 Be8 40. Rhg1 Bf7 41. Qg2 {[%cal Rg5g6]} Rg8 42. Qg3 b4 43. Qh4 (43. Rb1 $1 $16) 43... Qd7 $11 44. Rb1 (44. axb4 Qa4+ 45. Kb1 axb4 $19) 44... Rb8 45. Rg3 Rb7 (45... Qa4 $11 {remains equal.} 46. cxb4 axb4) 46. cxb4 (46. Rg2 $1 $16) 46... axb4 {aiming for ...Qa4.} 47. axb4 {Black must now prevent Ra3.} Qa4+ 48. Ra3 Qxc2+ 49. Rb2 Qd1 {And now ...c3 would win.} 50. Qf2 Be8 $1 {[%cal Re8a4]} 51. Rb1 Qg4 52. Ra8 Bb5 53. Rg1 Qf5 54. Rg5 Qd3 {( -> ...Qb3+)} 55. Rg3 Qf5 56. Rc3 g5 57. Qh2 g4 58. Qh4 Rg7 59. Kb2 Bc6 60. Rc8 Ba4 61. Ra8 Bd1 $2 {[#]} (61... Bc6 $11 {and Black is okay.} 62. Rc8 Ba4) 62. Rc1 $2 (62. b5 $1 $18) 62... Bf3 {Hoping for ...g3.} 63. Rca1 (63. Re8 $1 $11) 63... c3+ $1 $15 {[%mdl 1024] Black has compensation.} 64. Kb3 {[#]} c2 ({Black should play} 64... Be2 $1 $17 65. Qd8 Bc4+ 66. Ka4 Kg6) 65. Rc8 $2 {[%mdl 8192]} (65. Kb2 $11 {and White has nothing to worry.}) 65... Bd1 $2 ({Black should try} 65... g3 $19 {Strongly threatening ...Qd3+.} 66. Kb2 Qd3) 66. Rc1 $2 {[%mdl 8192]} (66. Kb2 $11) 66... g3 $19 67. Qd8 g2 68. Qh8+ Kg6 69. Rg8 Qf7 (69... Qd3+ $142 70. Ka4 Qa6+ 71. Kb3 Qc4+ 72. Ka3 Qc7 73. Rxg7+ Qxg7 74. f5+ exf5 75. Qe8+ Kh7) 70. f5+ exf5 71. Rd8 g1=Q {Black mates.} 72. Rd6+ Kg5 73. Qh6+ Kg4 74. Rf6 Qg3+ 75. Kb2 Qa7 {[%csl Ga7][%cal Rg3a3]} 76. Ra6 Qxd4+ 77. Ka2 Qc4+ {Precision: White = 58%, Black = 49%.} 0-1